000 00491nam a2200193Ia 4500
005 20250508161759.0
008 008 250505s9999 xx 000 0 hin d
037 _aTextual
040 _aFEDL
_beng
_cFEDL
041 _ahin
_2eng
084 _aFH, YAS
_qFEDL
100 _aYaspal
245 0 _aDivya: Boddh kalin upannyas
250 _a6th
260 _aLucknow, India
_bViplav Karyalaya
_c1958
300 _a222p.
942 _cTEXL
_hFH, YAS
999 _c1372153
_d1372153